000 00782nam a22002297a 4500
001 06741
003 HDC
007 cr bn ---aaaaa
008 210124b99999999my ||||| |||| 00| 0 eng d
040 _aHDC
245 0 _aAgriculture Development:
_bChapter 6
260 _aMalaysia:
_b[publisher not identified],
_c[date of publication not identified]
300 _a1 online resource (33 pages)
336 _atext
_2rdacontent
337 _acomputer
_2rdamedia
338 _aonline resource
_2rdacarrier
650 _aAgricultural innovations
_91956
856 _zRequest full-text at [email protected]
942 _2lcc
942 _cCHAP
942 _kEBCH 004289
999 _c4065
_d4065